Easy Facts Click Quiz – Think Fast! - Statistics

General Stats
  • This quiz has been taken 37 times
  • The average score is 22 of 30
Answer Stats
Hint Explanation Answer % Correct
Zeus lives on Mount Olympus I swear, if someone says this is false because it's mythology... 1. True
88%
Someone from Denmark is Danish Hello, Denmarians! 1. True
82%
Music uses sound I love tasting my music soup. 1. True
82%
Animals use photosynthesis Plants do. 2. False
82%
2+2=5 This isn't 1984 here. 2. False
82%
Triangles have 3 sides Wait, I thought it was 4??? 1. True
79%
Volcanoes erupt lava As opposed to water, I guess? 1. True
79%
WWW stands for World Wide Web What about my waterproof wristlet watch? 1. True
79%
A regular year is 365 days This ain't a leap year, it can't jump! 1. True
76%
Flammable materials can burn Compared to inflammable ones, which... also do. 1. True
76%
Ancient Egyptians used hieroglyphics Meanwhile we get wingdings! 1. True
76%
Snails are faster than the average human What kind of training are they getting? 2. False
76%
Google is the most used search engine Over 90% in fact! Sorry Bing and Yahoo. 1. True
74%
1000 meters is a kilometer Americans when a good measurement system: 1. True
74%
Mao Zedong is Chinese Imagine if... 1. True
74%
Anything multiplied by 1 is itself 1x1x1x1x1x1x1x1... 1. True
74%
Clocks are used for drinking Tell me how in the world you even do this. 2. False
74%
The opposite of red is yellow Green unfortunately had a divorce. 2. False
74%
Greenland is an island Insert the 25th Iceland/Greenland joke here... 1. True
71%
Pluto is a planet It's a dwarf planet now. It's not 2006! 2. False
71%
A ruler is 20 inches or 50 centimeters Standard rulers are 12 inches or 30 centimeters. 2. False
71%
PlayStation 7 is the newest one We don't even have a 6 yet. 2. False
71%
China is the largest country Russia. Next! 2. False
68%
Ctrl+z undoes computer actions Well, not everything. 1. True
65%
The hammer and sickle stands for pirates Communism! 2. False
65%
Electricity doesn't spread in water Probably shouldn't test this. 2. False
65%
5 planes were hijacked on 9/11 There were only 4 planes. 2. False
62%
Jungles and forests are mostly grassland We cut down all the trees, guys! 2. False
56%
Hiroshima and Tokyo were attacked with atom bombs It was Hiroshima and Nagasaki. 2. False
44%
Japan has 12 islands It's either the 4 main ones, or all 14,125 of them! 2. False
41%
No matching quizzes found
Score Distribution
Percent of People with Each Score
Percentile by Number Answered
Your Score History
You have not taken this quiz